Normal view
MARC view
- مدغمش ، جمال عبد الغني
Entry Personal Name
001 - CONTROL NUMBER
- control field: 21466
003 - CONTROL NUMBER IDENTIFIER
- control field: JO-AjAnu
005 - DATE AND TIME OF LATEST TRANSACTION
- control field: 20230606073723.0
008 - FIXED-LENGTH DATA ELEMENTS
- fixed length control field: 230606|| aca||aabn | a|a d
040 ## - CATALOGING SOURCE
- Original cataloging agency: JO-AjAnu
- Transcribing agency: JO-AjAnu
100 ## - HEADING--PERSONAL NAME
- Personal name: مدغمش ، جمال عبد الغني
670 ## - SOURCE DATA FOUND
- Source citation: Work cat.: (JO-AjAnu)11028: مدغمش ، جمال عبد الغني , author, يمين كذب الإقرار